000 00748cab a2200229 4500
001 ABS51666
008 090401t1994 xxu||||| |||| 00| 0 eng d
035 _a(Sirsi) u38424
041 _aeng
100 _aChappell, D.
245 _aContract spreads confusion
260 _c1994
350 _a0
490 _aArchitects` Journal
_v20(200) 24 November 1994, 52-53(2)
520 _aDiscusses the professional services contract, which is the latest addition to the collection of NEC documents, and examines the language used in the clauses.
650 _aNEC
650 _aNEW ENGINEERING CONTRACT
650 _aPROFESSIONAL SERVICES CONTRACT
690 _aBUILT ENVIRONMENT-BUILDING CONTRACT FORMS
942 _n0
948 _c04/03/1997
999 _c24695
_d24695